00401nam a2200145Ia 4500020001500000082001300015245004000028260003700068300001400105440002500119504001900144650004400163650002700207700002100234 a1855671395 a958 NEW- 0aNew Central Asia and its neighbours aLondonbPrinter Publishersc1994 avii, 119p aChatham house papers aincludes notes aAsia, CentralvForeign relationsz1991- aAsia, CentralvHistory aFerdinand, Peter